Paris in Films Quiz Stats

Quiz Updated Feb 21, 2016

Challenge
Share
Tweet
Score 0/25 Timer 08:00
7 Plays Today
% Correct
Ratatouille
94.3%
The Hunchback of Notre Dame
93%
The Devil Wears Prada
89.9%
The Da Vinci Code
89.9%
The Phantom of the Opera
89.4%
The AristoCats
86.9%
The Bourne Identity
80.8%
Taken
79.8%
Moulin Rouge!
77%
Amélie
76.7%
X-Men: Days of Future Past
71.7%
Hugo
70.8%
Inception
68.8%
% Correct
Marie Antoinette
61%
Revenge of the Pink Panther
60.6%
Interview with the Vampire: The Vampire Chronicles
60.3%
Team America: World Police
59.3%
Casablanca
58.7%
The Man in the Iron Mask
58.1%
Midnight in Paris
50.2%
Inglourious Basterds
47.4%
Before Sunset
38.2%
An American in Paris
33.9%
Last Tango in Paris
30.8%
Dangerous Liaisons
30%

You're not logged in!

Compare scores with friends on all Sporcle quizzes.
Join for Free
OR
Log In

You Might Also Like...

Show Comments

Extras

Top Quizzes Today


Score Distribution

Your Account Isn't Verified!

In order to create a playlist on Sporcle, you need to verify the email address you used during registration. Go to your Sporcle Settings to finish the process.

Report this User

Report this user for behavior that violates our Community Guidelines.

Details: